000 00347nam a2200121Ia 4500
008 170224s9999 xx 000 0 und d
245 _aFace-off: A new identification procedure for child eyewitnesses.
260 _bJournal of Experimental Psychology: Applied
260 _c2016
300 _a22:3
500 _aSeptember
650 _xPsychology.
999 _c316485
_d316485